Flags of Eastern Africa - Statistics

General Stats
  • This quiz has been taken 451 times
  • The average score is 15 of 18
Answer Stats
Picture Answer % Correct
Kenya
98%
Somalia
94%
Uganda
93%
Seychelles
90%
Ethiopia
88%
South Sudan
85%
Eritrea
83%
Madagascar
83%
Tanzania
83%
Burundi
81%
Djibouti
81%
Rwanda
79%
Zambia
79%
Malawi
78%
Mozambique
78%
Zimbabwe
78%
Comoros
76%
Mauritius
71%
No matching quizzes found
Score Distribution
Percent of People with Each Score
Percentile by Number Answered
Your Score History
You have not taken this quiz